000 01018nam a22003257a 4500
001 BR9705621
003 BR-BrBNA
005 20230928095802.0
007 ta
008 230509b bl.||||| |||| 00| 0 por d
040 _aBR-BrBNA
_bpor
_cBiblioteca Nacional de Agricultura
041 _a(Por)
072 _aF50
_b3290
090 _ 3290 BR9705621
100 1 _aMelo, M. das D.
110 1 _aUniversidade Federal Rural de Pernambuco, Recife (Brasil)
_0Tese (Mestre em Botanica)
245 1 _aMorfo-anatomia comparativa de individuos distintos de Tabebuia aurea (Manso)Bentham Hooker F. ex S. Moore (Bignoniaceae)
260 3 _aRecife, PE (Brasil):
_c1995.
300 _a112 p.
500 _aBibliography p. 104-112; Summaries (Eng, Por); 70 illus.
650 _aArvore Angiosperma
650 _aBignonia
650 _aAnatomia Vegetal
650 _aMorfologia Vegetal
650 _aSemente
650 _aGerminacao
650 _aBotanica
909 _a202309
_bLucia
_c55
_dLucia Elande
942 _cBK
999 _c58645
_d58645